SDMX standard for online data dissemination

Saved in:
Bibliographic Details
Main Author: Hudec, Miroslav, 1969-
Format: Book Chapter
Language:English
Tags: Add Tag
No Tags, Be the first to tag this record!

MARC

LEADER 00000nla a2200000 4500
001 0180237
005 20240502073051.7
041 0 |a eng 
044 |a SK 
245 1 0 |a SDMX standard for online data dissemination  |c Miroslav Hudec 
100 1 |a Hudec, Miroslav, 1969-